000 00661nam a22002297a 4500
005 20170124110224.0
010 _aA-997986
020 _c00.00
_a8171771130
035 _aA-997986
037 _bCen Lib/Ret
040 _aDPL
_bEN
082 _a347
_bMAL
100 _aMallick, M. R.
_9106005
245 _aWarits :
_cby M.R. Malilick
_blaw and practice /
260 _aCalcutta
_bEastern Law House
_c2000
270 _a54, Ganesh Chunder Avenue
_bCalcutta
_e700013
300 _a683p.
_c22cm(Hb)
500 _aIncludes index
650 _aPolitical Science
_9106006
650 _aJurisdiction
_940397
942 _2ddc
_cEN
_h347
_mMAL
999 _c134311
_d134311